000
00328nam a2200145Ia 4500
003
OSt
005
20240301101106.0
008
170524s9999 xx 000 0 und d
020
_a
978-1260079173
040
_c
IIMT UNIVERSITY
100
_a
Noe Raymond
245
0
_a
HUMAN RESOURCE MANAGEMENT
260
_a
TMH
942
_2
ddc
_c
02
999
_c
3082
_d
3082